000 00290nam a22001337a 4500
008 170801b xxu||||| |||| 00| 0 eng d
020 _a636920006190
041 _aeng
080 _a004
100 _a32
101 _aSHK
245 _aWINDOWES XP POWER HOUND
_cGRALLA,P
942 _2udc
_cBK
999 _c22367
_d22367